000 00770cam a22002653a 4500
001 1729
003 PGUSA
005 20140828083005.0
008 990501s1999||||xxu|||||s|||||000 1 eng d
040 _aPGUSA
_beng
042 _adc
050 4 _aPQ
100 1 _aBalzac, Honoré de,
_d1799-1850
245 1 4 _aThe Deserted Woman
_h[electronic resource] /
_cHonoré de Balzac
260 _bProject Gutenberg,
_c1999
506 _aPublic domain in the USA.
516 _aElectronic text
653 _aHistorical fiction
653 _aMan-woman relationships -- Fiction
653 _aFrench fiction -- Translations into English
700 1 _aMarriage, Ellen
830 0 _aProject Gutenberg
_v1729
856 4 0 _uhttp://www.gutenberg.org/ebooks/1729
942 _cEB
999 _c231075
_d231075